Sports Quiz

Random Sports or World Quiz

2014 Ronde van Vlaanderen Results Quiz Stats

Quiz not verified by Sporcle

Challenge
Share
Tweet
Embed
Score 0/20 Timer 08:00
0 Plays Today
Position Cyclist % Correct
1Fabian Cancellara
100%
7Tom Boonen
100%
3Sep Vanmarcke
96.8%
2Greg Van Avermaet
93.5%
16Peter Sagan
92.5%
6Niki Terpstra
90.3%
5Alexander Kristoff
84.9%
15John Degenkolb
84.9%
8Geraint Thomas
78.5%
9Bjorn Leukemans
78.5%
Position Cyclist % Correct
4Stijn Vandenbergh
76.3%
18Zdenek Stybar
75.3%
19Sylvain Chavanel
71%
10Sebastian Langeveld
64.5%
17Filippo Pozzato
58.1%
13Nicki Sorensen
30.1%
14Dries Devenyns
29%
12Marcus Burghardt
28%
11Vincent Jerome
21.5%
20Sebastien Minard
16.1%

You're not logged in!

Compare scores with friends on all Sporcle quizzes.
Sign Up with Email
OR
Log In

You Might Also Like...

Show Comments

Extras

Top Quizzes Today


Score Distribution

Your Account Isn't Verified!

In order to create a playlist on Sporcle, you need to verify the email address you used during registration. Go to your Sporcle Settings to finish the process.

Report this User

Report this user for behavior that violates our Community Guidelines.

Details: